Miasta, z którymi graniczą Katowice - Statystyki

Ogólne statystyki
  • Ten quiz został rozwiązany 127 razy
  • Średni wynik to 7 z 9
Statystyki odpowiedzi
Liczba ludności Miasto % Poprawnych
100 012 Chorzów
96%
185 930 Sosnowiec
95%
71 062 Mysłowice
84%
121 472 Tychy
83%
63 185 Siemianowice Śląskie
81%
129 531 Ruda Śląska
77%
41 678 Mikołów
70%
29 666 Czeladź
53%
16 303 Lędziny
33%
Nie znaleziono quizów pasujących do podanych kryteriów
Rozkład punktacji
Procent ludzi z każdym wynikiem
Percentyl według liczby udzielonych odpowiedzi
Twoja historia wyników
Nie rozwiązałeś tego quizu